Vainqueurs de la CAN depuis 1957 - Statistiques

Statistiques générales
  • Ce quiz a été pris 703 fois
  • Le résultat moyen est 28 sur 33
Statistiques - réponses
Hint Réponse % Correct
1990 Algerie
99%
2019 Algerie
99%
1957 Egypte
98%
1986 Egypte
98%
1998 Egypte
98%
2006 Egypte
98%
2008 Egypte
98%
2010 Egypte
98%
1976 Maroc
98%
1959 Rép. arabe unie
98%
2021 Senegal
98%
1992 Cote d'Ivoire
93%
2015 Cote d'Ivoire
93%
1984 Cameroun
92%
1988 Cameroun
92%
2000 Cameroun
92%
2002 Cameroun
92%
2017 Cameroun
92%
2004 Tunisie
92%
1996 Afrique du Sud
89%
1968 Rép. dém. du Congo
89%
1972 Congo
86%
1980 Nigeria
84%
1994 Nigeria
84%
2013 Nigeria
84%
1963 Ghana
76%
1965 Ghana
76%
1978 Ghana
76%
1982 Ghana
76%
2012 Zambie
68%
1970 Soudan
55%
1962 Ethiopie
52%
1974 Zaïre
34%
Aucun quiz correspondant
Distribution des résultats
% des personnes avec chaque résultat
Percentile par nombre de réponses
Votre historique - résultats
Vous n’avez pas pris ce quiz